000 00601nam a2200229Ia 4500
003 OSt
005 20221007070223.0
006 a|||||r|||| 00| 0
007 ta
008 221006b |||||||| |||| 00| 0 eng d
024 _a18,831
037 _cTextual
040 _aFLL
_cFLL
_beng
041 _2eng
_aeng
082 _aZ1,215pN73, L5.7
245 0 _aUnited Nations conference on the law of the sea
260 _aGeneva
_bUnited Nations Geneva
_c1975
300 _a87p
_ccm.
490 _vVol. 7
942 _hZ1,215pN73, L5.7
_cTEXL
_2CC
999 _c1139848
_d1139848